| 000 | 00461aam a2200193 4500 | ||
|---|---|---|---|
| 005 | 20161117102923.0 | ||
| 008 | 150409b xxu||||| |||| 00| 0 spa d | ||
| 041 | _aspa | ||
| 082 | _a005.3 W477c | ||
| 100 |
_aWentges,Gabriele _932388 |
||
| 245 | _aConozca a Windows 3.0 | ||
| 260 | _aMéxico | ||
| 260 | _bNoriega | ||
| 260 | _c1992 | ||
| 300 | _a146 páginas | ||
| 650 |
_aPROGRAMAS PARA COMPUTADOR _96587 |
||
| 650 |
_aWINDOWS 3.0 _932389 |
||
| 942 | _cBK | ||
| 999 |
_c4399 _d4399 |
||